[Event "Augsburg Afro op"]
[Site "Augsburg"]
[Date "2003.08.07"]
[Round "2"]
[White "Kunze, Holger"]
[Black "Eschler, Ernest"]
[Result "1-0"]
[WhiteElo "2253"]
[BlackElo "2005"]
[PlyCount "39"]
[EventDate "2003.08.06"]
[EventType "swiss"]
[EventRounds "7"]
[EventCountry "GER"]
[SourceTitle "EXT 2006"]
[Source "ChessBase"]
[SourceDate "2005.11.24"]
[SourceVersion "1"]
[SourceVersionDate "2005.11.24"]
[SourceQuality "1"]

1. g3 Nf6 2. Bg2 g6 3. c4 e5 4. Nc3 Bg7 5. e4 Nc6 6. Nge2 0-0 7. 0-0 d6 8. d3 Nh5 9. Nd5 Ne7 10. d4 f5 11. Bg5 Nf6 12. Nxf6+ Bxf6 13. Bxf6 Rxf6 14. dxe5 Re6 15. f4 fxe4 16. Bxe4 c6 17. Nd4 Qb6 18. Rf2 dxe5 19. Nxe6 Bxe6 20. Qd6 1-0